Una crítica de la economía soviética

Salvato in:
Dettagli Bibliografici
Autore principale: Mao, Tse-Tung Mao, Zedong (autor)
Natura: Libro
Lingua:spagnolo
Pubblicazione: Ciudad de México Fondo de Cultura Económica 1982
Edizione:1a. ed
Soggetti:
Tags: Aggiungi Tag
Nessun Tag, puoi essere il primo ad aggiungerne!!

MARC

LEADER 00000nam a2200000 a 4500
001 UCI6659
003 CL-VaPUC
008 080523e19820000MX |||||||||||||||||spa|d
020 |a 9681610245 
082 0 4 |a 335.43  |b MAO  |2 21 
100 |a Mao, Tse-Tung  |e autor  |q Mao, Zedong  |9 302719 
245 1 4 |a Una crítica de la economía soviética 
250 |a 1a. ed 
300 |a 143 p 
942 |c BK 
945 |d 20080523 00:00:00  |a rbrito 
260 |a Ciudad de México  |b Fondo de Cultura Económica  |c 1982 
650 0 |a Economía marxista  |9 311435 
650 0 |a Socialismo  |9 255260 
650 7 |a MARXISMO  |2 CL-VaPUC  |9 529622 
650 0 |a Economía política  |9 255814 
651 0 |a Unión Soviética  |9 256769 
583 |a last modification  |c 20080523 00:00:00  |k Rodrigo Vera 
999 |c 330109  |d 330107